[Event "Offene Hessische Senioren Einzelmeisters"]
[Site "Bad Sooden- Allendorf"]
[Date "2013.04.20"]
[Round "1.107"]
[White "Meinke, Dietlind"]
[Black "Marinoni, Rainer"]
[Result "1-0"]
[WhiteElo "1711"]
[BlackElo "1146"]
[PlyCount "49"]
[EventDate "2013.??.??"]
[WhiteTeam "MTV Leck von 1889"]
[BlackTeam "SC Eschwege"]

1. e4 e5 2. Nf3 Nc6 3. Bb5 Nf6 4. O-O a6 5. Ba4 b5 6. Bb3 Be7 7. Re1 O-O 8. d4
d6 9. c3 Bg4 10. Be3 Nxe4 11. Bd5 Na5 12. Bxa8 Qxa8 13. Nbd2 Nxd2 14. Bxd2 Bf6
15. dxe5 dxe5 16. h3 Bxf3 17. Qxf3 Qc8 18. Rad1 Nc4 19. Bc1 Qe6 20. Qb7 Qb6 21.
Qxb6 Nxb6 22. Rd3 a5 23. g4 h5 24. f4 Bh4 25. Rxe5 1-0

[Event "Offene Hessische Senioren Einzelmeisters"]
[Site "Bad Sooden- Allendorf"]
[Date "2013.04.20"]
[Round "1.108"]
[White "Wiebke, Elfriede"]
[Black "Piastowski, Kurt"]
[Result "0-1"]
[WhiteElo "1031"]
[BlackElo "1709"]
[PlyCount "50"]
[EventDate "2013.??.??"]
[WhiteTeam "Verein Segeberger SF"]
[BlackTeam "SC Turm Lüneburg e.V."]

1. e4 c5 2. Bc4 Nc6 3. Nf3 d6 4. Ng5 e6 5. O-O Qxg5 6. d3 Qg6 7. Nd2 f5 8. Bb5
Bd7 9. Nf3 O-O-O 10. Bxc6 Bxc6 11. Nh4 Qf6 12. g3 Be7 13. c3 fxe4 14. d4 g5 15.
Ng2 Nh6 16. Ne3 Nf5 17. Nxf5 exf5 18. dxc5 dxc5 19. Qe2 h5 20. Be3 f4 21. gxf4
gxf4 22. Bc1 f3 23. Qe3 Qg6+ 24. Qg5 Bxg5 25. Bxg5 Qxg5+ 0-1

[Event "Offene Hessische Senioren Einzelmeisters"]
[Site "Bad Sooden- Allendorf"]
[Date "2013.04.21"]
[Round "2.1"]
[White "Ditmas, Hugh"]
[Black "Piankov, Evgenij"]
[Result "0-1"]
[WhiteElo "1902"]
[BlackElo "2259"]
[Annotator ",Microsoft"]
[PlyCount "137"]
[EventDate "2013.??.??"]
[WhiteTeam "Bremer SG von 1877"]

1. d4 d5 2. c4 c6 3. Nf3 Nf6 4. Nc3 a6 5. c5 g6 6. Bf4 Bg7 7. h3 O-O 8. e3 Bf5
9. Qb3 Ra7 10. Be2 Nbd7 11. O-O Ne4 12. Nxe4 Bxe4 13. Rac1 Bxf3 14. Bxf3 e5 15.
dxe5 Bxe5 16. Bxe5 Nxe5 17. Be2 Qe7 18. Qc3 a5 19. b3 Re8 20. Rfd1 Nd7 21. Rd4
Rea8 22. Ra4 h6 23. Qd4 Nf8 24. Qh4 Qxh4 25. Rxh4 a4 26. b4 Kg7 27. Rd4 Re8 28.
Rd2 a3 29. Rb1 Ne6 30. Bf1 Nc7 31. g3 f5 32. h4 Kf6 33. Kg2 Ra4 34. b5 Ra5 35.
bxc6 bxc6 36. Rc2 Ne6 37. Rb6 Rc8 38. Ba6 Rc7 39. Bb7 Nd8 40. Ba6 Ke7 41. Bd3
Ne6 42. Ra6 Rxa6 43. Bxa6 Ra7 44. Be2 Ra5 45. Rc3 Nxc5 46. g4 fxg4 47. Bxg4 Kd6
48. f4 Ne4 49. Rb3 Kc7 50. Rd3 Ra8 51. Bf3 Nd6 52. Bd1 Nf5 53. h5 gxh5 54. Bxh5
Nd6 55. Bf3 Ra4 56. Kg3 Nc4 57. Rb3 Nd2 58. Rd3 Nxf3 59. Kxf3 h5 60. Kg3 Kd6
61. Kh4 c5 62. Kxh5 c4 63. Rc3 Ra8 64. Kg5 Ke6 65. Kg4 Rc8 66. Kf3 Kf5 67. Ke2
Ke4 68. Kd2 Ra8 69. Ke2 {Rest fehlende Notation} 0-1

[Event "Offene Hessische Senioren Einzelmeisters"]
[Site "Bad Sooden- Allendorf"]
[Date "2013.04.21"]
[Round "2.2"]
[White "Baum, Bernd"]
[Black "Bachmann, Rolf"]
[Result "0-1"]
[WhiteElo "2232"]
[BlackElo "1881"]
[Annotator ",Microsoft"]
[PlyCount "120"]
[EventDate "2013.??.??"]
[WhiteTeam "SV Empor Erfurt"]
[BlackTeam "SVigung Hamm"]

1. d4 Nf6 2. g3 d5 3. Bg2 c6 4. Nf3 b6 5. c4 Bb7 6. Qc2 Nbd7 7. O-O e6 8. Nbd2
Be7 9. b3 O-O 10. Bb2 Rc8 11. Rac1 dxc4 12. Nxc4 c5 13. Qb1 cxd4 14. Bxd4 Bd5
15. Rfd1 Rc7 16. Ng5 h6 17. Bxf6 Nxf6 18. Bxd5 exd5 19. Nf3 Qa8 20. Ne3 Rxc1
21. Qxc1 Bc5 22. Nf5 Re8 23. Qb2 Qc6 24. N3d4 Qd7 25. Kg2 a5 26. Qc2 h5 27. Qd3
g6 28. Nh4 Re4 29. Nhf3 h4 30. e3 h3+ $11 31. Kf1 Qg4 32. Qe2 Qh5 33. Nd2 Re5
34. Qxh5 Rxh5 35. N2f3 Kf8 36. Ke2 Ke7 37. Rc1 Ng4 38. Nc6+ Kd7 39. Nxa5 Ba3
40. Rc6 bxa5 41. Ra6 Bb4 42. a3 Bxa3 43. Rxa5 Bd6 44. Ra4 Ne5 45. Ra7+ Ke8 46.
Nd4 Ng4 47. Nf3 Rf5 48. Ra4 Ne5 49. Ng1 Rh5 50. f3 f5 51. Ra5 d4 52. exd4 Nc6
53. Ra6 Nxd4+ 54. Kd3 Bxg3 55. Rxg6 Bxh2 56. Kxd4 Be5+ 57. Kxe5 h2 58. Ke6 Kf8
59. Ne2 h1=Q 60. Nf4 Qe1+ 0-1

[Event "Offene Hessische Senioren Einzelmeisters"]
[Site "Bad Sooden- Allendorf"]
[Date "2013.04.21"]
[Round "2.3"]
[White "Niebuhr, Gerd"]
[Black "Vogel, Jaap"]
[Result "1/2-1/2"]
[WhiteElo "1902"]
[BlackElo "2193"]
[PlyCount "45"]
[EventDate "2013.??.??"]
[WhiteTeam "Freibauer Wedemark"]

1. d4 e6 2. Nf3 f5 3. g3 Nf6 4. Bg2 Be7 5. c4 O-O 6. O-O d6 7. b3 a5 8. Bb2 Qe8
9. Nc3 Qh5 10. Qd3 d5 11. Ne5 c6 12. c5 Nbd7 13. Na4 Nxe5 14. dxe5 Nd7 15. Bd4
b5 16. cxb6 c5 17. Qb5 Qe8 18. Qc6 Ra6 19. Qxe6+ Kh8 20. Qxd5 Nxb6 21. Nxb6
Rxb6 22. Bc3 Be6 23. Qd2 1/2-1/2

[Event "Offene Hessische Senioren Einzelmeisters"]
[Site "Bad Sooden- Allendorf"]
[Date "2013.04.21"]
[Round "2.4"]
[White "Kotlar, Alfred"]
[Black "Ackermann, Hans Werner"]
[Result "0-1"]
[WhiteElo "1898"]
[BlackElo "2175"]
[PlyCount "66"]
[EventDate "2013.??.??"]
[WhiteTeam "SK Recklinghausen Altsta"]
[BlackTeam "SC Hansa Dortmund e.V."]

1. d4 Nf6 2. Nf3 c6 3. c3 d6 4. Bf4 h6 5. h3 Qb6 6. Qb3 g5 7. Bc1 Bf5 8. Na3
Qc7 9. e3 Nbd7 10. Be2 Bg7 11. Nc4 a6 12. a4 c5 13. a5 Be6 14. Qa4 O-O 15. Ncd2
Bf5 16. O-O Rfe8 17. Re1 Bg6 18. Nh2 e5 19. dxe5 Nxe5 20. Ndf3 Nd3 21. Rd1 c4
22. Bxd3 Bxd3 23. Ne1 Bg6 24. Nhf3 d5 25. Nd4 Ne4 26. Bd2 h5 27. b4 g4 28. hxg4
hxg4 29. b5 g3 30. f3 Nxd2 31. Rxd2 Rxe3 32. Re2 Bxd4 33. cxd4 Rxe2 0-1

[Event "Offene Hessische Senioren Einzelmeisters"]
[Site "Bad Sooden- Allendorf"]
[Date "2013.04.21"]
[Round "2.5"]
[White "Ljubarskij, Juri"]
[Black "Busic, Nedjeljko"]
[Result "1/2-1/2"]
[WhiteElo "2174"]
[BlackElo "1877"]
[PlyCount "120"]
[EventDate "2013.??.??"]
[WhiteTeam "Hannover 96 Schach"]
[BlackTeam "SC Bad Nauheim"]

1. e4 d6 2. d4 g6 3. Nc3 Bg7 4. Be2 Nf6 5. Nf3 O-O 6. O-O Nbd7 7. e5 Ne8 8. Bf4
Nb6 9. a4 a5 10. h3 Bd7 11. Qd2 f6 12. Rfe1 fxe5 13. dxe5 dxe5 14. Nxe5 Bf5 15.
Qe3 Nd6 16. Rac1 Qe8 17. b3 Rd8 18. g4 Bc8 19. Bh6 Bxh6 20. Qxh6 Nf7 21. Qe3
Nxe5 22. Qxe5 Qf7 23. Rf1 Qf4 24. Qxa5 h5 25. Qc5 hxg4 26. hxg4 Bxg4 27. Qe3
Bxe2 28. Qxf4 Rxf4 29. Nxe2 Rg4+ 30. Ng3 Rd2 31. Rfd1 Rgd4 32. Rxd2 Rxd2 33.
Ne4 Rd5 34. f3 Nd7 35. Kf2 Nf6 36. Ke3 Nxe4 37. fxe4 Rh5 38. Rd1 Rh3+ 39. Kd4
Kg7 40. b4 Ra3 41. a5 g5 42. Ke5 Rc3 43. Rc1 Kg6 44. Kd4 Ra3 45. e5 g4 46. Kd5
Kf5 47. c3 e6+ 48. Kd4 g3 49. Rf1+ Kg4 50. Rf7 b6 51. Rxc7 bxa5 52. bxa5 g2 53.
Rg7+ Kf3 54. Rf7+ Ke2 55. Rg7 Ra4+ 56. c4 Kf1 57. Rf7+ Ke1 58. Rg7 Ra2 59. a6
Kf1 60. Rf7+ Ke1 1/2-1/2

[Event "Offene Hessische Senioren Einzelmeisters"]
[Site "Bad Sooden- Allendorf"]
[Date "2013.04.21"]
[Round "2.6"]
[White "Zwanepol, Johan"]
[Black "Ghijsen, Pim"]
[Result "1/2-1/2"]
[WhiteElo "1884"]
[BlackElo "2161"]
[PlyCount "70"]
[EventDate "2013.??.??"]
[BlackTeam "VAS Amsterdam"]

1. e4 c5 2. d3 Nc6 3. Nf3 g6 4. g3 Bg7 5. Bg2 d6 6. O-O Nf6 7. Nbd2 O-O 8. Re1
e5 9. Nf1 h6 10. h4 Be6 11. Ne3 Qd7 12. Nh2 d5 13. exd5 Nxd5 14. Nf3 Rfe8 15.
Kh2 Rad8 16. a3 b6 17. Rb1 a5 18. Bd2 Qc7 19. Nxd5 Bxd5 20. Qc1 Kh7 21. b3 Qd6
22. Bc3 Qf6 23. Qd1 Qf5 24. Re3 e4 25. Bh3 Bxc3 26. Bxf5 exf3 27. Rxe8 Rxe8 28.
Be4 Bxe4 29. dxe4 Ne5 30. Qd5 Re6 31. Rd1 h5 32. Kg1 Kg7 33. Qd8 Bd4 34. Rxd4
cxd4 35. Qxd4 Kf8 1/2-1/2

[Event "Offene Hessische Senioren Einzelmeisters"]
[Site "Bad Sooden- Allendorf"]
[Date "2013.04.21"]
[Round "2.7"]
[White "Lindner, Jan-Joost"]
[Black "Grabitz, Dr. Georg"]
[Result "0-1"]
[WhiteElo "2159"]
[BlackElo "1852"]
[PlyCount "40"]
[EventDate "2013.??.??"]
[WhiteTeam "DD Den Haag"]
[BlackTeam "Plesse Bovenden"]

1. f4 Nf6 2. Nf3 d6 3. Nc3 g6 4. e4 Bg7 5. Be2 c5 6. O-O O-O 7. d3 Nc6 8. Qe1
Bg4 9. h3 Bxf3 10. Bxf3 Nd4 11. Bd1 e6 12. Be3 Nd7 13. Ne2 Nxe2+ 14. Bxe2 Bxb2
15. Rb1 Bg7 16. Rxb7 Nb6 17. Qa5 Qc8 18. Rxa7 Qc6 19. Rb1 Na4 20. Rbb7 Qxb7 0-1

[Event "Offene Hessische Senioren Einzelmeisters"]
[Site "Bad Sooden- Allendorf"]
[Date "2013.04.21"]
[Round "2.8"]
[White "Peleikis, Horst"]
[Black "Rahls, Peter"]
[Result "1/2-1/2"]
[WhiteElo "1879"]
[BlackElo "2151"]
[PlyCount "114"]
[EventDate "2013.??.??"]
[WhiteTeam "SK Lister Turm"]
[BlackTeam "SK Zehlendorf e.V."]

1. e4 c5 2. Nf3 e6 3. d4 cxd4 4. Nxd4 a6 5. Bd3 Nc6 6. Be3 Nf6 7. Nc3 Bb4 8.
Nxc6 bxc6 9. Bd2 d5 10. exd5 cxd5 11. a3 Be7 12. Bf4 O-O 13. O-O Bb7 14. Qe2
Re8 15. Rfe1 Nd7 16. Qh5 g6 17. Qh3 Bf6 18. Rab1 e5 19. Bd2 e4 20. Bf1 Ne5 21.
Na4 Bc8 22. Qb3 Be6 23. Nc5 Qd6 24. Nxe6 fxe6 25. Qg3 Rec8 26. c3 Qe7 27. Be3
Nc4 28. Bxc4 Rxc4 29. Rbd1 Rd8 30. Qg4 Kg7 31. Qe2 a5 32. Bb6 Ra8 33. f4 Qb7
34. Be3 a4 35. Rd2 Qf7 36. g3 Rb8 37. Qf2 Rc7 38. Bd4 Rcb7 39. Ree2 Ra8 40. Qe3
Qc7 41. Bxf6+ Kxf6 42. Qd4+ Kf7 43. Kf2 Qb6 44. Qxb6 Rxb6 45. Ke3 Rab8 46. Kd4
Kf6 47. Rf2 Rc6 48. Ke3 Rc4 49. Rd4 Rxd4 50. Kxd4 Rc8 51. Rd2 Kf5 52. h3 h5 53.
Rf2 Rc4+ 54. Ke3 Rc8 55. Rd2 g5 56. Rf2 gxf4+ 57. Rxf4+ Ke5 1/2-1/2

[Event "Offene Hessische Senioren Einzelmeisters"]
[Site "Bad Sooden- Allendorf"]
[Date "2013.04.21"]
[Round "2.9"]
[White "Happel, Henk"]
[Black "Krotofil, Kurt"]
[Result "1-0"]
[WhiteElo "2146"]
[BlackElo "1834"]
[PlyCount "83"]
[EventDate "2013.??.??"]
[WhiteTeam "Discendo Discimus"]
[BlackTeam "Niendorfer TSV 1919 SAbt"]

1. d4 Nf6 2. c4 c5 3. d5 e6 4. Nc3 exd5 5. cxd5 d6 6. g3 g6 7. Bg2 Bg7 8. Nf3
O-O 9. O-O a6 10. a4 Nbd7 11. Nd2 Re8 12. Nc4 Ne5 13. Na3 Rb8 14. h3 Qc7 15. f4
Ned7 16. Qb3 Nb6 17. e4 c4 18. Qb4 a5 19. Qxa5 Nbxd5 20. Qxc7 Nxc7 21. Nxc4 Rd8
22. Rd1 Be6 23. Nxd6 Bb3 24. Rd3 Nfe8 25. e5 Nxd6 26. Rxd6 Rxd6 27. exd6 Bd4+
28. Kh2 Na6 29. Nb5 Bc5 30. Bd2 b6 31. Bc3 Re8 32. Nd4 Bc4 33. d7 Rd8 34. Bc6
Be7 35. Re1 Kf8 36. a5 Nb8 37. axb6 Be6 38. b7 Bxd7 39. Ba5 Bxc6 40. Nxc6 Nxc6
41. Bxd8 Bxd8 42. Rc1 1-0

[Event "Offene Hessische Senioren Einzelmeisters"]
[Site "Bad Sooden- Allendorf"]
[Date "2013.04.21"]
[Round "2.10"]
[White "Nagorni, Walter"]
[Black "Van Oosten, Arend"]
[Result "0-1"]
[WhiteElo "1876"]
[BlackElo "2136"]
[PlyCount "114"]
[EventDate "2013.??.??"]
[WhiteTeam "SG Weiß-Blau Eilenriede"]
[BlackTeam "Utrecht"]

1. Nf3 d5 2. d4 e6 3. g3 Bd6 4. Bg2 f5 5. O-O Nf6 6. c4 c6 7. Nbd2 Nbd7 8. Rb1
Qe7 9. a3 O-O 10. b4 b5 11. c5 Bc7 12. Bb2 f4 13. Ne5 Nxe5 14. dxe5 Ng4 15. Nf3
fxg3 16. hxg3 Qf7 17. Bh3 Qh5 18. Bxg4 Qxg4 19. Kg2 Bd7 20. Rh1 Be8 21. Rh4 Qg6
22. Rc1 Bd8 23. Rh2 Qe4 24. Kg1 a5 25. Qc2 axb4 26. axb4 Ra2 27. Qb3 Ra4 28.
Bc3 Qxe2 29. Nd4 Qg4 30. Re1 Bg5 31. Qd1 Qxd1 32. Rxd1 Bd7 33. f4 Be7 34. Rf2
Ra3 35. Rd3 g6 36. Nc2 Ra2 37. Bd4 g5 38. Rdf3 Be8 39. Ra3 Rxa3 40. Nxa3 Bg6
41. Be3 gxf4 42. Bxf4 Ra8 43. Nc2 Bxc2 44. Rxc2 Ra1+ 45. Kg2 Rb1 46. Bd2 Kf7
47. Ra2 Kg6 48. Kf3 Rb3+ 49. Ke2 Bg5 50. Be1 Kf5 51. Ra6 d4 52. Rxc6 d3+ 53.
Kf1 d2 54. Bxd2 Bxd2 55. Rd6 Bxb4 56. c6 Rc3 57. Rd4 Ba5 0-1

[Event "Offene Hessische Senioren Einzelmeisters"]
[Site "Bad Sooden- Allendorf"]
[Date "2013.04.21"]
[Round "2.11"]
[White "Mentel, Dr. Jürgen"]
[Black "Weidlich, Günter"]
[Result "0-1"]
[WhiteElo "1852"]
[BlackElo "2116"]
[PlyCount "98"]
[EventDate "2013.??.??"]
[WhiteTeam "Greifswalder SV"]
[BlackTeam "SV Dresden-Leuben"]

1. e4 g6 2. d4 Bg7 3. Nf3 d6 4. c3 Nf6 5. Bd3 O-O 6. O-O Nc6 7. h3 Nd7 8. Bg5
h6 9. Be3 e5 10. Na3 Kh7 11. Nc2 f5 12. exf5 gxf5 13. Nh2 e4 14. Be2 f4 15. Bd2
Qf6 16. f3 e3 17. Be1 Nb6 18. Bd3+ Kh8 19. Qe2 d5 20. Kh1 h5 21. Rg1 h4 22. Ng4
Qg5 23. Na3 a6 24. b4 Ne7 25. Rd1 c6 26. Bc2 Bf5 27. Bb3 Ng6 28. c4 Qe7 29. c5
Nd7 30. Bc2 Qe6 31. Bc3 Nf6 32. Bxf5 Qxf5 33. Qd3 Qxd3 34. Rxd3 Nh5 35. Re1
Ng3+ 36. Kg1 Nf5 37. Kf1 Ng3+ 38. Kg1 Rfe8 39. Nc2 Kg8 40. Nh2 Nf8 41. Nf1 Nf5
42. Re2 Kf7 43. Be1 Ne6 44. Nh2 Nexd4 45. Nxd4 Nxd4 46. Rxd4 Bxd4 47. Bxh4 Bc3
48. a3 d4 49. Rc2 a5 0-1

[Event "Offene Hessische Senioren Einzelmeisters"]
[Site "Bad Sooden- Allendorf"]
[Date "2013.04.21"]
[Round "2.13"]
[White "Perk, Egbert"]
[Black "Schmidt, Gerhard"]
[Result "0-1"]
[WhiteElo "1834"]
[BlackElo "2109"]
[PlyCount "77"]
[EventDate "2013.??.??"]
[WhiteTeam "SK Lister Turm"]
[BlackTeam "SC Unterhaching e.V."]

1. c4 Nf6 2. Nc3 e6 3. d4 d5 4. e3 Be7 5. Nf3 O-O 6. Be2 c6 7. O-O a6 8. a3 b5
9. cxb5 axb5 10. Bd2 Nbd7 11. Qc2 Bb7 12. Bd3 Qb8 13. Ne2 Rc8 14. Qb3 c5 15.
Qd1 c4 16. Bc2 Ne4 17. Be1 Bd6 18. g3 Bc6 19. Bb4 Bxb4 20. axb4 Qd6 21. Rxa8
Rxa8 22. Qe1 Nb6 23. Ne5 f6 24. Nxc6 Qxc6 25. f3 Ng5 26. h4 Nf7 27. Nc3 Na4 28.
Nxa4 bxa4 29. e4 Rb8 30. exd5 Qxd5 31. Qc3 Qd6 32. f4 Qxb4 33. Qe3 Qd6 34. Bxa4
Rxb2 35. Rc1 Qd5 36. Bc2 Nd6 37. Qc3 Ra2 38. Re1 Nb5 39. Qe3 0-1

[Event "Offene Hessische Senioren Einzelmeisters"]
[Site "Bad Sooden- Allendorf"]
[Date "2013.04.21"]
[Round "2.14"]
[White "Schumacher, Gottfried"]
[Black "Plischke, Berthold"]
[Result "1-0"]
[WhiteElo "2100"]
[BlackElo "1828"]
[PlyCount "61"]
[EventDate "2013.??.??"]
[WhiteTeam "HTC Bad Neuenahr"]
[BlackTeam "SV Wesel 1928 e.V."]

1. d4 e6 2. c4 f5 3. Nc3 Nf6 4. Nf3 Be7 5. g3 b6 6. Bg2 Bb7 7. O-O Ne4 8. Qc2
Bf6 9. Rd1 Qe7 10. Ne5 Nd6 11. Bxb7 Nxb7 12. e4 c5 13. Nb5 Na6 14. exf5 cxd4
15. Ng4 e5 16. Qe4 d5 17. Qxd5 Nb4 18. Qf3 O-O 19. Bd2 e4 20. Bxb4 exf3 21.
Bxe7 Bxe7 22. Nxd4 Nd6 23. Ne3 Rac8 24. b3 Bf6 25. g4 Ne4 26. Nd5 Bh4 27. Nxf3
Bxf2+ 28. Kg2 Rfe8 29. Rf1 Bc5 30. Rae1 Rcd8 31. Nc7 1-0

[Event "Offene Hessische Senioren Einzelmeisters"]
[Site "Bad Sooden- Allendorf"]
[Date "2013.04.21"]
[Round "2.15"]
[White "Jürgens, Peter"]
[Black "Liebert, Heinz"]
[Result "0-1"]
[WhiteElo "1832"]
[BlackElo "2098"]
[PlyCount "26"]
[EventDate "2013.??.??"]
[WhiteTeam "SC Tempo Göttingen"]
[BlackTeam "USV Volksbank Halle"]

1. d4 Nf6 2. Nf3 g6 3. Bf4 Bg7 4. e3 d6 5. Be2 O-O 6. O-O Nbd7 7. c3 Qe8 8. h3
e5 9. Bh2 Qe7 10. a4 Ne4 11. Nbd2 Nxd2 12. Qxd2 a5 13. Rfe1 e4 0-1

[Event "Offene Hessische Senioren Einzelmeisters"]
[Site "Bad Sooden- Allendorf"]
[Date "2013.04.21"]
[Round "2.16"]
[White "Knaak, Joachim"]
[Black "Görtz, Hans"]
[Result "1-0"]
[WhiteElo "2085"]
[BlackElo "1813"]
[PlyCount "41"]
[EventDate "2013.??.??"]
[WhiteTeam "SV Dresden-Leuben"]
[BlackTeam "DJK Wacker Bergeborbeck 1922"]

1. d4 Nf6 2. c4 d6 3. Nc3 g6 4. e4 Bg7 5. f3 O-O 6. Be3 e5 7. d5 Nh5 8. Nge2
Nd7 9. g4 Nhf6 10. Ng3 a6 11. Qd2 Ne8 12. O-O-O Nc5 13. b4 Nd7 14. h4 f6 15.
Bd3 c5 16. dxc6 bxc6 17. c5 Kh8 18. h5 gxh5 19. Rxh5 dxc5 20. Qh2 cxb4 21. Bc4
1-0

[Event "Offene Hessische Senioren Einzelmeisters"]
[Site "Bad Sooden- Allendorf"]
[Date "2013.04.21"]
[Round "2.17"]
[White "Rürup, Hans-Heinz"]
[Black "Hassenrück, Helmut"]
[Result "0-1"]
[WhiteElo "1825"]
[BlackElo "2084"]
[PlyCount "42"]
[EventDate "2013.??.??"]
[WhiteTeam "SV Bad Oeynhausen"]
[BlackTeam "SG-Gladbeck 19/2"]

1. e4 e5 2. Nf3 Nc6 3. Bc4 Bc5 4. c3 Nf6 5. d3 O-O 6. Bg5 h6 7. Bxf6 Qxf6 8.
O-O d6 9. Nbd2 a6 10. Bb3 Ba7 11. Re1 Ne7 12. h3 Ng6 13. Nf1 Nf4 14. d4 c5 15.
d5 Qg6 16. g3 Nxh3+ 17. Kg2 c4 18. Bxc4 Nxf2 19. Qc2 Bh3+ 20. Kh2 Bd7 21. Nh4
Qg4 0-1

[Event "Offene Hessische Senioren Einzelmeisters"]
[Site "Bad Sooden- Allendorf"]
[Date "2013.04.21"]
[Round "2.19"]
[White "Franck, Rudolf"]
[Black "Noordijk, Ed"]
[Result "1-0"]
[WhiteElo "2057"]
[BlackElo "1782"]
[PlyCount "61"]
[EventDate "2013.??.??"]
[WhiteTeam "SC 1875 Ellwangen"]
[BlackTeam "S.C. Oegstgeest '80"]

1. d4 d6 2. Nf3 Nf6 3. c4 Nbd7 4. Nc3 e5 5. d5 Be7 6. e4 c6 7. Bd3 h6 8. O-O g5
9. b4 c5 10. a3 Qc7 11. Be3 a6 12. Nd2 Rb8 13. Rb1 O-O 14. h4 Nh7 15. Nb3 b5
16. bxc5 bxc4 17. Bxc4 Nxc5 18. Nxc5 dxc5 19. Qa4 Ra8 20. Qc6 Ra7 21. Qxh6 Qa5
22. Rb3 gxh4 23. d6 Bf6 24. Nd5 Qd8 25. Rb6 Be6 26. Rfb1 Bg7 27. Qh5 Kh8 28.
Bxa6 Bxd5 29. exd5 Kg8 30. Bxc5 Qf6 31. d7 1-0

[Event "Offene Hessische Senioren Einzelmeisters"]
[Site "Bad Sooden- Allendorf"]
[Date "2013.04.21"]
[Round "2.20"]
[White "Schnaitmann, Herbert"]
[Black "Lenk, Wolfgang"]
[Result "1/2-1/2"]
[WhiteElo "1818"]
[BlackElo "2054"]
[PlyCount "36"]
[EventDate "2013.??.??"]
[WhiteTeam "SC Grunbach"]
[BlackTeam "USV TU Dresden"]

1. d4 Nf6 2. Nf3 g6 3. Bf4 Bg7 4. e3 O-O 5. Be2 d6 6. O-O Nh5 7. Bg5 Nd7 8. c3
Qe8 9. e4 e5 10. Nbd2 Nf4 11. Bxf4 exf4 12. Re1 Qe7 13. h3 h6 14. Bd3 Nb6 15.
Qc2 Bd7 16. e5 d5 17. Nh2 Rae8 18. Qd1 Qg5 1/2-1/2

[Event "Offene Hessische Senioren Einzelmeisters"]
[Site "Bad Sooden- Allendorf"]
[Date "2013.04.21"]
[Round "2.21"]
[White "Zunker, Dr. Reinhard"]
[Black "Blosze, Winfried"]
[Result "1-0"]
[WhiteElo "2050"]
[BlackElo "1759"]
[PlyCount "67"]
[EventDate "2013.??.??"]
[WhiteTeam "SV 1920 Hofheim"]
[BlackTeam "SV Königsspringer 1929 Großauhei"]

1. Nf3 d5 2. c4 Nf6 3. g3 Nc6 4. cxd5 Nxd5 5. Nc3 e6 6. Bg2 Be7 7. O-O O-O 8.
d4 a6 9. a3 Na7 10. e4 Nf6 11. Bg5 Nb5 12. Nxb5 axb5 13. Qe2 c6 14. Rfd1 Re8
15. h4 h6 16. Bd2 Qb6 17. Bf4 b4 18. a4 b3 19. Ne5 Nd7 20. Nc4 Qa7 21. Qd3 b5
22. axb5 Qxa1 23. Rxa1 Rxa1+ 24. Kh2 cxb5 25. Nd2 Nf6 26. Bf3 Rd8 27. Nxb3 Ra4
28. Bc7 Rd7 29. Bb6 e5 30. d5 Ra2 31. Qc3 Ra8 32. Qxe5 Bd6 33. Qc3 Re7 34. Qc6
1-0

[Event "Offene Hessische Senioren Einzelmeisters"]
[Site "Bad Sooden- Allendorf"]
[Date "2013.04.21"]
[Round "2.22"]
[White "Hellwege, Werner"]
[Black "Niebling, Ferdinand"]
[Result "1/2-1/2"]
[WhiteElo "1811"]
[BlackElo "2049"]
[PlyCount "74"]
[EventDate "2013.??.??"]
[WhiteTeam "SK Lister Turm"]
[BlackTeam "SC Frankfurt-West"]

1. d4 Nf6 2. Nf3 e6 3. g3 b5 4. Bg2 Bb7 5. O-O Be7 6. b3 O-O 7. Bb2 Na6 8. Nbd2
c5 9. c4 bxc4 10. Nxc4 cxd4 11. Qxd4 d5 12. Nce5 Nc5 13. Nd2 Ncd7 14. Nxd7 Qxd7
15. Rac1 Rfc8 16. Rfd1 Qb5 17. e4 Bc5 18. Qe5 Bxf2+ 19. Kh1 Rxc1 20. Rxc1 Qe2
21. Qc7 Qxd2 22. Qxb7 Re8 23. Ba3 Nxe4 24. Bxe4 dxe4 25. Rc8 Rd8 26. Be7 Qd1+
27. Kg2 Qg1+ 28. Kh3 Qf1+ 29. Kh4 Bxg3+ 30. hxg3 Qh1+ 31. Kg4 f5+ 32. Kf4 Qf3+
33. Ke5 Qxg3+ 34. Kxe6 Qg6+ 35. Ke5 Qg3+ 36. Ke6 Qg6+ 37. Ke5 Qg3+ 1/2-1/2

[Event "Offene Hessische Senioren Einzelmeisters"]
[Site "Bad Sooden- Allendorf"]
[Date "2013.04.21"]
[Round "2.23"]
[White "Just, Fred"]
[Black "Jauch, Dieter"]
[Result "1-0"]
[WhiteElo "2044"]
[BlackElo "1756"]
[Annotator ",Microsoft"]
[PlyCount "49"]
[EventDate "2013.??.??"]
[WhiteTeam "SAbt SV Werder Bremen"]
[BlackTeam "SK Bietigheim-Bissingen"]

1. d4 Nf6 2. Nf3 g6 3. g3 Bg7 4. Bg2 O-O 5. O-O d5 6. Nbd2 Nbd7 7. c4 e6 8. Qc2
c6 9. b3 Re8 10. Bb2 Nh5 11. e4 f5 12. exd5 exd5 13. cxd5 cxd5 14. Rfe1 Rxe1+
15. Rxe1 Ndf6 16. Ne5 Bf8 17. Rc1 Bd6 18. Ndc4 dxc4 19. Qxc4+ Kg7 20. Qf7+ Kh6
21. Bxb7 Bxb7 22. Qxb7 Bxe5 23. dxe5 Ne8 24. e6 Nhg7 25. Qf7 {Rest nicht zu
rekonstruieren} 1-0

[Event "Offene Hessische Senioren Einzelmeisters"]
[Site "Bad Sooden- Allendorf"]
[Date "2013.04.21"]
[Round "2.24"]
[White "Türtmann, Dieter"]
[Black "Pape, Manfred"]
[Result "0-1"]
[WhiteElo "1797"]
[BlackElo "2040"]
[PlyCount "118"]
[EventDate "2013.??.??"]
[WhiteTeam "ESV 1949 Eberswalde e.V."]
[BlackTeam "SK Bad Harzburg"]

1. Nf3 Nf6 2. d4 g6 3. g3 Bg7 4. Bg2 d6 5. O-O O-O 6. c4 Nc6 7. Nc3 Bg4 8. h3
Bd7 9. e4 e5 10. d5 Na5 11. Qe2 c5 12. Bg5 a6 13. b3 Rb8 14. Rfb1 b6 15. Nd2 h6
16. Bxf6 Bxf6 17. Kh2 Bg7 18. a3 f5 19. b4 Nb7 20. b5 a5 21. f3 f4 22. g4 Bf6
23. Qf1 Bh4 24. Ne2 Qg5 25. Rb2 Kg7 26. Qd1 Rh8 27. Nf1 Rh7 28. Qd3 Rbh8 29.
Kg1 Nd8 30. Nc3 Nf7 31. Na4 Qd8 32. Rb3 Qc7 33. Qe2 Ng5 34. Nd2 h5 35. Rab1 Bg3
36. Nf1 hxg4 37. fxg4 f3 38. Rxf3 Nxf3+ 39. Qxf3 Bf4 40. Rb3 Rf8 41. Qe2 Kg8
42. Rc3 Qd8 43. Rc2 Rhf7 44. Qe1 Bg5 45. Re2 Kg7 46. Qc3 Bf4 47. Qe1 Bg5 48.
Qc3 Bh4 49. Qc2 Rf4 50. Nh2 Bc8 51. Qd2 R8f7 52. Qc2 Kf8 53. Nf1 Ke8 54. Qd3
Kd7 55. Nd2 Kc7 56. Nc3 Bf2+ 57. Kh1 Bxg4 58. Rxf2 Rxf2 59. hxg4 Qh4+ 0-1

[Event "Offene Hessische Senioren Einzelmeisters"]
[Site "Bad Sooden- Allendorf"]
[Date "2013.04.21"]
[Round "2.25"]
[White "Weyrauch, Erich"]
[Black "Liszka, Günter"]
[Result "1-0"]
[WhiteElo "2026"]
[BlackElo "1754"]
[PlyCount "43"]
[EventDate "2013.??.??"]
[WhiteTeam "SV Letmathe 1933 e.V."]
[BlackTeam "Sportfreunde Katernberg 1913 e.V"]

1. e4 c5 2. Nf3 Nc6 3. d4 cxd4 4. Nxd4 Nf6 5. Nc3 d6 6. Bg5 e6 7. Be2 Be7 8.
Qd2 Qc7 9. Ndb5 Qb8 10. Bxf6 gxf6 11. O-O O-O 12. Qh6 Ne5 13. f4 Ng6 14. Rf3 a6
15. Rh3 Rd8 16. Qxh7+ Kf8 17. Bh5 Ke8 18. Bxg6 fxg6 19. Qxg6+ Kd7 20. Nd4 Rf8
21. Rh7 Qc7 22. Nxe6 1-0

[Event "Offene Hessische Senioren Einzelmeisters"]
[Site "Bad Sooden- Allendorf"]
[Date "2013.04.21"]
[Round "2.26"]
[White "Stimpel, Franz"]
[Black "Rehder, Frank"]
[Result "1-0"]
[WhiteElo "2015"]
[BlackElo "1747"]
[PlyCount "47"]
[EventDate "2013.??.??"]
[WhiteTeam "Wiesbadener SV 1885"]
[BlackTeam "SC Zugzwang 95 e.V."]

1. d4 Nf6 2. c4 d6 3. Nc3 g6 4. e4 Bg7 5. Be2 O-O 6. Bg5 h6 7. Be3 Nbd7 8. Qd2
Kh7 9. h4 e5 10. h5 g5 11. d5 Nc5 12. f3 a5 13. g4 Nfd7 14. Nh3 f6 15. Nf2 b6
16. O-O Nb8 17. Nh1 Rf7 18. Ng3 Nba6 19. Rfb1 Bd7 20. b3 Bf8 21. a3 Bc8 22. b4
axb4 23. axb4 Nd7 24. b5 1-0